000 00707nam a2200181Ia 4500
008 090630s9999 xx 000 0 und d
082 _b19349
100 _aगानू स्वाती.
245 _aविविध राज्यांचा नास्ता भाग 2.
_cगानू स्वाती.
260 _bसंयम - पुणे.
_c1997
300 _a64
600 _aगानू स्वाती.
630 _aविविध राज्यांचा नास्ता भाग 2.
655 _aइतर.
700 _aगानू स्वाती.
730 _aविविध राज्यांचा नास्ता भाग 2.
942 _cBOOK
999 _c271205
_d271205